MARC details
| 000 -LEADER |
| fixed length control field |
01420cam a2200373 i 4500 |
| 001 - CONTROL NUMBER |
| control field |
12431853 |
| 003 - CONTROL NUMBER IDENTIFIER |
| control field |
OSt |
| 005 - DATE AND TIME OF LATEST TRANSACTION |
| control field |
20240713142224.0 |
| 008 - FIXED-LENGTH DATA ELEMENTS--GENERAL INFORMATION |
| fixed length control field |
010605s2001 nyu b 000 0 eng |
| 010 ## - LIBRARY OF CONGRESS CONTROL NUMBER |
| LC control number |
2001003404 |
| 020 ## - INTERNATIONAL STANDARD BOOK NUMBER |
| International Standard Book Number |
1559391650 (alk. paper) |
| 040 ## - CATALOGING SOURCE |
| Original cataloging agency |
DLC |
| Transcribing agency |
DLC |
| Modifying agency |
DLC |
| 041 1# - LANGUAGE CODE |
| Language code of text/sound track or separate title |
eng |
| Language code of original |
tib |
| 050 00 - LIBRARY OF CONGRESS CALL NUMBER |
| Classification number |
BQ7670.6.L34 |
| Item number |
S66 2001 |
| 082 00 - DEWEY DECIMAL CLASSIFICATION NUMBER |
| Classification number |
294.3/420423 |
| Edition number |
21 |
| 100 0# - MAIN ENTRY--PERSONAL NAME |
| Personal name |
Sonam Rinchen, |
| Dates associated with a name |
1933- |
| 245 10 - TITLE STATEMENT |
| Title |
Eight verses for training the mind : |
| Remainder of title |
an oral teaching / |
| Statement of responsibility, etc. |
by Geshe Sonam Rinchen ; translated and edited by Ruth Sonam. |
| 250 ## - EDITION STATEMENT |
| Edition statement |
1st ed. |
| 264 ## - PRODUCTION, PUBLICATION, DISTRIBUTION, MANUFACTURE, AND COPYRIGHT NOTICE |
| Place of production, publication, distribution, manufacture |
Ithaca, New York : |
| Name of producer, publisher, distributor, manufacturer |
Snow Lion Publications, |
| Date of production, publication, distribution, manufacture, or copyright notice |
2001. |
| 300 ## - PHYSICAL DESCRIPTION |
| Extent |
108 pages ; |
| Dimensions |
22 cm. |
| 336 ## - CONTENT TYPE |
| Source |
rdacontent |
| Content type term |
text |
| Content type code |
txt |
| 337 ## - MEDIA TYPE |
| Source |
rdamedia |
| Media type term |
unmediated |
| Media type code |
n |
| 338 ## - CARRIER TYPE |
| Source |
rdacarrier |
| Carrier type term |
volume |
| Carrier type code |
nc |
| 500 ## - GENERAL NOTE |
| General note |
Based on Langri Tangpa's Blo sbyoṅ tshig brgyad ma. |
| 504 ## - BIBLIOGRAPHY, ETC. NOTE |
| Bibliography, etc. note |
Includes bibliographical references. |
| 600 00 - SUBJECT ADDED ENTRY--PERSONAL NAME |
| Personal name |
Langri Tangpa, |
| Dates associated with a name |
1054-1123. |
| Title of a work |
Blo sbyoṅ tshig brgyad ma. |
| 650 00 - SUBJECT ADDED ENTRY--TOPICAL TERM |
| Topical term or geographic name entry element |
Spiritual life |
| General subdivision |
Bkaʼ-gdams-pa (Sect) |
| 650 #0 - SUBJECT ADDED ENTRY--TOPICAL TERM |
| Topical term or geographic name entry element |
Bkaʼ-gdams-pa (Sect) |
| General subdivision |
Doctrines. |
| 700 1# - ADDED ENTRY--PERSONAL NAME |
| Personal name |
Sonam, Ruth, |
| Dates associated with a name |
1943- |
| 700 02 - ADDED ENTRY--PERSONAL NAME |
| Personal name |
Langri Tangpa, |
| Dates associated with a name |
1054-1123. |
| Title of a work |
Blo sbyoṅ tshig brgyad ma. |
| Language of a work |
English. |
| 906 ## - LOCAL DATA ELEMENT F, LDF (RLIN) |
| a |
7 |
| b |
cbc |
| c |
orignew |
| d |
1 |
| e |
ecip |
| f |
20 |
| g |
y-gencatlg |
| 942 ## - ADDED ENTRY ELEMENTS (KOHA) |
| Source of classification or shelving scheme |
Lindholme Classification Scheme |
| Koha item type |
Book |
| Suppress in OPAC |
No |